Inflation, exchange rates, and the world economy: lectures on international monetory economics (Record no. 180494)

MARC details
000 -LEADER
fixed length control field 00423nam a2200145Ia 4500
008 - FIXED-LENGTH DATA ELEMENTS--GENERAL INFORMATION
fixed length control field 230917s9999||||xx |||||||||||||| ||und||
040 ## - CATALOGING SOURCE
-- 63160
Original cataloging agency VIVEKANANDA LIBRARY
041 ## - Language
-- English
082 ## - DDC NUMBER
Classification number 382.1 C811I
100 ## - MAIN ENTRY--PERSONAL NAME
Personal name Corden, W M
245 #0 - TITLE STATEMENT
Title Inflation, exchange rates, and the world economy: lectures on international monetory economics
260 ## - PUBLICATION, DISTRIBUTION, ETC. (IMPRINT)
Place of publication, distribution, etc Oxford
Name of publisher, distributor, etc Clarendon Press
Date of publication, distribution, etc 1977
300 ## - PHYSICAL DESCRIPTION
Pages viii, 160 p.
942 ## - ADDED ENTRY ELEMENTS (KOHA)
Koha item type Books
Holdings
Withdrawn status Lost status Damaged status Not for loan Location (home branch) Sublocation or collection (holding branch) Date acquired Koha issues (times borrowed) Koha full call number Accession No. Koha date last seen Koha item type
        VIVEKANANDA LIBRARY VIVEKANANDA LIBRARY 07/01/2003   382.1 C811I 35173 17/09/2023 Books
© Designed and Maintained by Vivekananda Library, MDU Rohtak